| 000 | 00334nam a22001337a 4500 | ||
|---|---|---|---|
| 020 | _a0132318466 | ||
| 040 | _cNust | ||
| 082 |
_a665.75 _bING'N |
||
| 100 |
_aJohn G. Ingersoll _9126166 |
||
| 245 | _aNaturals Gas Vehicles | ||
| 260 |
_aUSA: _bFairmont press Inc, _c1996. |
||
| 650 |
_aNaturals Gas Vehicles _9126167 |
||
| 942 |
_2ddc _cBK |
||
| 999 |
_c611933 _d611933 |
||